<?xml version="1.0" encoding="UTF-8"?>
<record
    xmlns:xsi="http://www.w3.org/2001/XMLSchema-instance"
    xsi:schemaLocation="http://www.loc.gov/MARC21/slim http://www.loc.gov/standards/marcxml/schema/MARC21slim.xsd"
    xmlns="http://www.loc.gov/MARC21/slim">

  <leader>02169    a2200253   4500</leader>
  <controlfield tag="001">49831</controlfield>
  <controlfield tag="005">20260407155759.0</controlfield>
  <controlfield tag="008">260407a2004    arg                 spa d</controlfield>
  <controlfield tag="003">AR-UNSa-BCEJYS</controlfield>
  <datafield tag="040" ind1=" " ind2=" ">
    <subfield code="a">AR-UNSa-BCEJYS</subfield>
    <subfield code="b">spa</subfield>
    <subfield code="c">AR-UNSa-BCEJYS</subfield>
  </datafield>
  <datafield tag="080" ind1=" " ind2=" ">
    <subfield code="a">330.101.542</subfield>
    <subfield code="x">Microeconom&#xED;a</subfield>
  </datafield>
  <datafield tag="245" ind1="1" ind2="0">
    <subfield code="a">Microeconom&#xED;a intermedia</subfield>
  </datafield>
  <datafield tag="020" ind1=" " ind2=" ">
    <subfield code="a">84-481-4182-2</subfield>
  </datafield>
  <datafield tag="264" ind1=" " ind2="1">
    <subfield code="a">Madrid :</subfield>
    <subfield code="b">McGraw-Hill</subfield>
    <subfield code="c">2004</subfield>
  </datafield>
  <datafield tag="300" ind1=" " ind2=" ">
    <subfield code="a">xxiii, 442 p.</subfield>
    <subfield code="c">25 cm.</subfield>
  </datafield>
  <datafield tag="505" ind1=" " ind2=" ">
    <subfield code="a">1. Introducci&#xF3;n &#x2013; 2. Las ganancias derivadas del intercambio &#x2013; 3. Los bienes discretos: precios de reserva, oferta y demanda, y excedentes &#x2013; 4. Los bienes continuos. Oferta, demanda y excedentes &#x2013; 5. Las preferencias &#x2013; 6. La oferta y la demanda cuando la renta aparecen como dotaci&#xF3;n &#x2013; 7. La demanda cuando la renta aparece como dinero &#x2013; 8. El intercambio &#x2013; 9. El bienestar - 10. La empresa y la tecnolog&#xED;a &#x2013; 11. La minimizaci&#xF3;n de costes y la demanda de factores &#x2013; 12. Las curvas de costes &#x2013; 13. La oferta de la empresa y el excedente del productor &#x2013; 14. La frontera de posibilidades de producci&#xF3;n &#x2013; 15. La producci&#xF3;n y el intercambio &#x2013; 16. Evidencia emp&#xED;rica sobre la oferta, la demanda y los excedentes &#x2013; 17. La agregaci&#xF3;n de variables &#x2013; 18. Las preferencias reveladas y la tecnolog&#xED;a revelada &#x2013; 19. Variaciones compensatorias y equivalentes &#x2013; 20. La elecci&#xF3;n intertemporal &#x2013; 21. El modelo de utilidad descontada &#x2013; 22. El intercambio en los mercados de capital &#x2013; 23. La elecci&#xF3;n bajo riesgo &#x2013; 24. El modelo de utilidad esperada &#x2013; 25. El intercambio en los mercados de seguros &#x2013; 26. El mercado de trabajo &#x2013; 27. Los impuestos &#x2013; 28. El monopolio y el monopsonio &#x2013; 29. El monopolio natural y la discriminaci&#xF3;n de precios &#x2013; 30. La teor&#xED;a de juegos &#x2013; 31. El duopolio &#x2013; 32. Las externalidades &#x2013; 33. Los bienes p&#xFA;blicos &#x2013; 34. La informaci&#xF3;n asim&#xE9;trica.  </subfield>
  </datafield>
  <datafield tag="041" ind1=" " ind2=" ">
    <subfield code="a">spa</subfield>
  </datafield>
  <datafield tag="942" ind1=" " ind2=" ">
    <subfield code="c">BK</subfield>
  </datafield>
  <datafield tag="590" ind1=" " ind2=" ">
    <subfield code="a">niveau_biblio:m niveau_hierar:0</subfield>
  </datafield>
  <datafield tag="100" ind1="1" ind2=" ">
    <subfield code="a">Hey, John D.</subfield>
  </datafield>
  <datafield tag="700" ind1="1" ind2=" ">
    <subfield code="a">Trinidad, Gloria</subfield>
  </datafield>
  <datafield tag="700" ind1="1" ind2=" ">
    <subfield code="a">Flamini, Esteban</subfield>
  </datafield>
  <datafield tag="856" ind1="4" ind2="1">
    <subfield code="u">https://www.biblioeco.unsa.edu.ar/pmb/images/libros/L128209.jpg</subfield>
    <subfield code="y">Imagen de portada</subfield>
    <subfield code="q">image/jpeg</subfield>
  </datafield>
  <datafield tag="999" ind1=" " ind2=" ">
    <subfield code="c">4902</subfield>
    <subfield code="d">4902</subfield>
  </datafield>
  <datafield tag="952" ind1=" " ind2=" ">
    <subfield code="0">0</subfield>
    <subfield code="1">0</subfield>
    <subfield code="4">0</subfield>
    <subfield code="7">0</subfield>
    <subfield code="a">BCEJYS</subfield>
    <subfield code="b">BCEJYS</subfield>
    <subfield code="c">16</subfield>
    <subfield code="d">2026-04-07</subfield>
    <subfield code="l">0</subfield>
    <subfield code="o">330.101.542 H615</subfield>
    <subfield code="p">L128209</subfield>
    <subfield code="r">2026-04-07 15:57:59</subfield>
    <subfield code="w">2026-04-07</subfield>
    <subfield code="y">L</subfield>
  </datafield>
</record>
